Score 0/11 Timer 05:00
0 Plays Today
Hint Answer % Correct
Striker (8.1)Kylian Mbappe
95.3%
Canter Back (7.2)Marquinhos
72.9%
Striker (7.4)Wissam Ben Yedder
63.5%
Right Midfielder (7.8)Angel Di Maria
62.4%
Left Midfielder (7.7)Dimitri Payet
51.8%
Center Midfielder (7.3)Idrissa Gueye
43.5%
Goalkeeper (7.0)Predrag Rajkovic
36.5%
Left Back (7.2)Hassane Kamara
36.5%
Center Back (7.1)Yunis Abdelhamid
22.4%
Center Midfielder (7.4)Taji Savanier
7.1%
Right Back (7.1)Fabien Centonze
3.5%
Remove Ads.
Support Sporcle.
Get the best of Sporcle when you Go Orange. This ad-free experience offers more features, more stats, and more fun while also helping to support Sporcle. Thank you for becoming a member.

You're not logged in!

Compare scores with friends on all Sporcle quizzes.
OR
Log In

Sporcle TV

Today on Sporcle TV


Watch our educational content, quiz creation guides, and fun videos on Sporcle TV.

Show Comments

Extras

Top Quizzes Today


Score Distribution

Paid Content

Your Account Isn't Verified!

In order to create a playlist on Sporcle, you need to verify the email address you used during registration. Go to your Sporcle Settings to finish the process.

Report this User

Report this user for behavior that violates our Community Guidelines.

Details: